00253nam a2200097Ia 4500100002100000654003600021245003500057260003500092082001600127546001200143 aGupta/ N.K. Ed.  aPlasticity & impact mechanics aPlasticity & Impact Mechanics bWiley easternaNew Delhic1993 a671.35bPAN aENGLISH